[Event "Digicel National Championship (Absolute) 2015"]
[Site "Kingston"]
[Date "2015.01.24"]
[Round "5"]
[Board "4"]
[White "LORNE, Malaku"]
[Black "SMITH, Melisha"]
[Result "1-0"]
[WhiteElo "2113"]
[BlackElo "1797"]
[PlyCount "97"]
[EventDate "2015.01.17"]
[EventRounds "11"]
[EventCountry "JAM"]

1. d4 d5 2. c4 c6 3. Nf3 Nf6 4. e3 e6 5. Bd3 Nbd7 6. b3 Bb4+ 7. Nbd2 b6 8. O-O
Bb7 9. Bb2 O-O 10. Qe2 Ne8 11. e4 f5 12. exf5 exf5 13. Qe6+ Rf7 14. Rfd1 Nc7
15. Qe2 Qf8 16. Nf1 Re8 17. Qc2 Bd6 18. Re1 g6 19. Rxe8 Qxe8 20. a4 Na6 21.
cxd5 Nb4 22. Qd1 Nxd3 23. Qxd3 cxd5 24. a5 Re7 25. axb6 axb6 26. Qb5 Qc8 27.
Ne3 Qc6 28. Qd3 Nf6 29. Rc1 Qe8 30. Ne5 f4 31. Nf1 Bxe5 32. dxe5 Ng4 33. Qf3
Nxe5 34. Bxe5 Rxe5 35. Qxf4 Re7 36. h3 Rf7 37. Qd2 Qb5 38. Rc3 Ba6 39. Ne3 Rd7
40. Ng4 Qf1+ 41. Kh2 d4 42. Rf3 Qe2 43. Qf4 Qe7 44. Nf6+ Kg7 45. Nxd7 d3 46.
Qe5+ Qxe5+ 47. Nxe5 d2 48. Rf7+ Kh6 49. Rd7 1-0

[Event "Digicel National Championship (Absolute) 2015"]
[Site "Kingston"]
[Date "2015.01.24"]
[Round "5"]
[Board "5"]
[White "MYERS, Peter"]
[Black "WILSON, Brandon"]
[Result "0-1"]
[WhiteElo "1984"]
[BlackElo "2099"]
[PlyCount "108"]
[EventDate "2015.01.17"]
[EventRounds "11"]
[EventCountry "JAM"]

1. d4 Nf6 2. Nf3 g6 3. g3 Bg7 4. Bg2 d6 5. O-O O-O 6. c3 Nbd7 7. Nbd2 c5 8. e3
Qc7 9. Re1 b6 10. e4 Bb7 11. e5 dxe5 12. dxe5 Ng4 13. e6 Nde5 14. Nxe5 Nxe5 15.
f4 Bxg2 16. Kxg2 Nd3 17. exf7+ Rxf7 18. Re3 Rd8 19. Qe2 c4 20. Nf3 Rd7 21. Ng5
Rf5 22. Ne6 Qb7+ 23. Qf3 Rfd5 24. Qe4 Bf6 25. Kg1 b5 26. Rb1 Nxc1 27. Rxc1 Rd1+
28. Rxd1 Rxd1+ 29. Kg2 Rd2+ 30. Kh3 Qxe4 31. Rxe4 Rxb2 32. a4 Bxc3 33. axb5
Rxb5 34. Rxc4 Bb4 35. Nd4 Rb7 36. Ne6 Rb6 37. Nd4 a5 38. g4 Bd6 39. f5 Rb2 40.
Kh4 Rxh2+ 41. Kg5 Kf7 42. fxg6+ hxg6 43. Nc6 e5 44. Nd8+ Kg7 45. Ne6+ Kh7 46.
Nf8+ Bxf8 47. Rc7+ Kg8 48. Kxg6 a4 49. Ra7 a3 50. Kf5 a2 51. Ra8 Kh7 52. g5 e4
53. g6+ Kh6 54. Kxe4 Bg7 0-1

[Event "Digicel National Championship (Absolute) 2015"]
[Site "Kingston"]
[Date "2015.01.24"]
[Round "5"]
[Board "6"]
[White "CAMPBELL, Kevron"]
[Black "MELLACE, Andrew"]
[Result "0-1"]
[WhiteElo "1841"]
[BlackElo "2064"]
[PlyCount "100"]
[EventDate "2015.01.17"]
[EventRounds "11"]
[EventCountry "JAM"]

1. d4 Nf6 2. c4 e5 3. dxe5 Ng4 4. Bf4 Nc6 5. a3 Ngxe5 6. e3 a5 7. Nf3 Ng6 8.
Bg3 Bc5 9. Bd3 d6 10. O-O Bg4 11. Be2 O-O 12. Nc3 h5 13. h3 h4 14. Bh2 Bxf3 15.
Bxf3 Nge5 16. Be2 Re8 17. Qc2 Qd7 18. Rad1 Qe6 19. Nd5 Rac8 20. Kh1 Ne7 21. f4
Nxd5 22. cxd5 Qg6 23. e4 Nd7 24. Bd3 Qh6 25. e5 Bb6 26. Bf5 Rcd8 27. Rde1 Nf8
28. Qb3 dxe5 29. fxe5 Qd2 30. e6 fxe6 31. dxe6 Re7 32. Bg4 Qd5 33. Qc2 Nxe6 34.
Qe2 Rde8 35. Rd1 Nd4 36. Qd3 Re3 37. Qg6 Qb3 38. Bf4 R3e7 39. Bg5 Rf7 40. Bf6
Ref8 41. Rd3 Rxf6 42. Rxf6 Rxf6 43. Qxf6 Qxd3 44. Qd8+ Kf7 45. Bh5+ g6 46. Qd7+
Kf6 47. Qd8+ Kg7 48. Qe7+ Kh6 49. Bg4 Qf1+ 50. Kh2 Nf3+ 0-1

[Event "Digicel National Championship (Absolute) 2015"]
[Site "Kingston"]
[Date "2015.01.25"]
[Round "6"]
[Board "1"]
[White "DAVY, Damion"]
[Black "MELLACE, Andrew"]
[Result "1-0"]
[WhiteElo "2177"]
[BlackElo "2064"]
[PlyCount "111"]
[EventDate "2015.01.17"]
[EventRounds "11"]
[EventCountry "JAM"]

1. e4 c5 2. Nf3 Nc6 3. d4 cxd4 4. Nxd4 g6 5. c4 Nf6 6. Nc3 Nxd4 7. Qxd4 d6 8.
Be3 Bg7 9. f3 O-O 10. Qd2 a5 11. Rc1 a4 12. g4 Qa5 13. Nb5 Qxd2+ 14. Kxd2 Nd7
15. Rc2 Nc5 16. h3 h6 17. Nc7 Ra5 18. Nd5 Re8 19. g5 h5 20. Bg2 Bd7 21. Rb1 Bc6
22. Bf1 Bxd5 23. cxd5 b6 24. Kd1 Rea8 25. Bd2 R5a7 26. Bb5 Rf8 27. Ke2 e6 28.
Bc3 exd5 29. Rd1 dxe4 30. Rxd6 exf3+ 31. Kxf3 Bxc3 32. Rxc3 Ra5 33. Bc4 b5 34.
Rxg6+ Kh7 35. Rh6+ Kg7 36. Be2 Ne6 37. Rxh5 b4 38. Rc4 Nxg5+ 39. Kg4 Kg6 40.
Rc6+ f6 41. Bd3+ Kg7 42. h4 a3 43. b3 Rd8 44. Rc7+ Nf7 45. Rxa5 Rxd3 46. Raa7
Kg6 47. Rxf7 Rd4+ 48. Kf3 Rd2 49. Rg7+ Kf5 50. Rg2 Rd3+ 51. Ke2 Rc3 52. Ra4
Rc2+ 53. Kf3 Rc3+ 54. Kf2 Rc2+ 55. Kg1 Rc1+ 56. Kh2 1-0

[Event "Digicel National Championship (Absolute) 2015"]
[Site "Kingston"]
[Date "2015.01.25"]
[Round "6"]
[Board "2"]
[White "WILSON, Brandon"]
[Black "CAMPBELL, Kevron"]
[Result "1-0"]
[WhiteElo "2099"]
[BlackElo "1841"]
[PlyCount "67"]
[EventDate "2015.01.17"]
[EventRounds "11"]
[EventCountry "JAM"]

1. e4 c5 2. Nc3 Nc6 3. f4 e6 4. Nf3 Nge7 5. d4 cxd4 6. Nxd4 a6 7. Be3 Qc7 8.
Nb3 Ng6 9. g3 b5 10. h4 Bb4 11. h5 Nge7 12. Qd3 Na5 13. Nxa5 Bxa5 14. h6 g6 15.
Bd4 Rg8 16. O-O-O Nc6 17. Bf6 Bb7 18. Rh2 Rc8 19. Nd5 Qd6 20. Be5 Qxe5 21. fxe5
exd5 22. Qxd5 Rc7 23. Bh3 Nb8 24. Qd4 Kd8 25. e6 fxe6 26. Bxe6 Rf8 27. Rf2 Rxf2
28. Qxf2 Rc6 29. Bd5 Kc7 30. Bxc6 Bxc6 31. Qf7 Bb4 32. Qxh7 Bxe4 33. Qg7 Bd6
34. Rxd6 1-0

[Event "Digicel National Championship (Absolute) 2015"]
[Site "Kingston"]
[Date "2015.01.25"]
[Round "6"]
[Board "3"]
[White "SMITH, Melisha"]
[Black "MYERS, Peter"]
[Result "1-0"]
[WhiteElo "1797"]
[BlackElo "1984"]
[PlyCount "59"]
[EventDate "2015.01.17"]
[EventRounds "11"]
[EventCountry "JAM"]

1. d4 d5 2. Nf3 Nf6 3. Bf4 g6 4. e3 Bg7 5. Nbd2 O-O 6. Bd3 Nc6 7. Qe2 a6 8. Ne5
Nb4 9. Ndf3 Nh5 10. Bg3 f6 11. Nxg6 hxg6 12. Bxg6 Nxg3 13. hxg3 Qd7 14. Bh7+
Kf7 15. Ne5+ fxe5 16. Qh5+ Ke6 17. Qg4+ Kd6 18. Qxg7 Rf6 19. dxe5+ Kxe5 20. Rh6
Qe6 21. Bg8 Qd6 22. f4+ Ke4 23. Bh7+ Kxe3 24. Rd1 Bd7 25. c3 Raf8 26. Rd2 Bb5
27. a4 Nd3+ 28. Bxd3 Bxd3 29. Qg4 Rxf4 30. Re2+ 1-0

[Event "Digicel National Championship (Absolute) 2015"]
[Site "Kingston"]
[Date "2015.01.25"]
[Round "6"]
[Board "4"]
[White "WISDOM, Daren"]
[Black "LORNE, Malaku"]
[Result "1/2-1/2"]
[WhiteElo "1985"]
[BlackElo "2113"]
[PlyCount "50"]
[EventDate "2015.01.17"]
[EventRounds "11"]
[EventCountry "JAM"]

1. Nf3 Nf6 2. b3 c5 3. Bb2 Nc6 4. e3 d6 5. d4 Bg4 6. d5 Nb8 7. h3 Bh5 8. g4 Bg6
9. Bg2 Nbd7 10. O-O Qc7 11. c4 Be4 12. Nc3 Bxf3 13. Qxf3 h6 14. Qg3 g6 15. f4
Bg7 16. Nb5 Qb6 17. e4 a6 18. Nc3 g5 19. Na4 Qc7 20. Nc3 Qb6 21. Na4 Qc7 22.
Nc3 Qb6 23. Na4 Qc7 24. Nc3 Qb6 25. Na4 Qc7 1/2-1/2

[Event "Digicel National Championship (Absolute) 2015"]
[Site "Kingston"]
[Date "2015.01.25"]
[Round "6"]
[Board "5"]
[White "PORTER, Russel"]
[Black "WILKINSON, Ian"]
[Result "1-0"]
[WhiteElo "2082"]
[BlackElo "1889"]
[PlyCount "113"]
[EventDate "2015.01.17"]
[EventRounds "11"]
[EventCountry "JAM"]

1. c4 e6 2. Nf3 d6 3. Nc3 f5 4. g3 b6 5. Bg2 Bb7 6. O-O Nf6 7. d3 Nc6 8. e4
fxe4 9. dxe4 Be7 10. Ng5 Qd7 11. Bh3 Nd8 12. Nd5 O-O 13. Nf4 Qc6 14. Ngxe6 Nxe6
15. Bxe6+ Kh8 16. Bd5 Nxd5 17. Qxd5 Qxd5 18. Nxd5 Bd8 19. Bf4 g5 20. Bd2 c6 21.
Bc3+ Kg8 22. Ne3 Bc7 23. f3 Rad8 24. Kg2 Bc8 25. b3 Be6 26. Rad1 Rd7 27. Rd2 a5
28. g4 b5 29. cxb5 cxb5 30. Nd5 Bd8 31. Rfd1 b4 32. Bb2 Ra7 33. Bd4 Ra6 34. Be3
Rf7 35. Rc1 Kf8 36. Bf2 Rd7 37. Bg3 Ke8 38. Rcc2 h6 39. Rc1 Rb7 40. Ne3 Rc7 41.
Rxc7 Bxc7 42. Rc2 Kd7 43. Be1 Rc6 44. Rxc6 Kxc6 45. Nf5 Kb5 46. Nd4+ Ka6 47.
Nxe6 Bb8 48. Bf2 Kb5 49. Nd4+ Ka6 50. Nf5 Kb5 51. Nxh6 a4 52. Nf7 axb3 53. axb3
Kc6 54. Nxg5 d5 55. exd5+ Kxd5 56. Ne4 Be5 57. Be1 1-0

[Event "Digicel National Championship (Absolute) 2015"]
[Site "Kingston"]
[Date "2015.01.25"]
[Round "6"]
[Board "6"]
[White "ELLIOTT, Warren"]
[Black "SMITH, Shreyas"]
[Result "1-0"]
[WhiteElo "2240"]
[BlackElo "2086"]
[PlyCount "77"]
[EventDate "2015.01.17"]
[EventRounds "11"]
[EventCountry "JAM"]

1. d4 Nf6 2. c4 c5 3. d5 e6 4. Nc3 exd5 5. cxd5 d6 6. Nf3 g6 7. Bf4 Bg7 8. h3
O-O 9. e3 Na6 10. Nd2 Nc7 11. Nc4 Nfe8 12. a4 b6 13. Be2 Ba6 14. O-O Bxc4 15.
Bxc4 a6 16. Qd3 f5 17. Rab1 Qd7 18. Rfe1 h6 19. Bh2 Rf7 20. Re2 g5 21. f4 Bf6
22. Kh1 Re7 23. e4 b5 24. axb5 Bxc3 25. bxc3 axb5 26. Bxb5 Nxb5 27. Rxb5 fxe4
28. Qb1 Ra1 29. Qxa1 Qxb5 30. Qe1 Qd3 31. fxg5 hxg5 32. Qd2 Qxd2 33. Rxd2 Rd7
34. Kg1 Kg7 35. Kf2 Nf6 36. c4 Kf7 37. Ra2 g4 38. h4 Kg6 39. Ra6 {Time} 1-0

[Event "Digicel National Championship (Absolute) 2015"]
[Site "Kingston"]
[Date "2015.01.28"]
[Round "7"]
[Board "1"]
[White "SMITH, Shreyas"]
[Black "DAVY, Damion"]
[Result "0-1"]
[WhiteElo "2086"]
[BlackElo "2177"]
[PlyCount "84"]
[EventDate "2015.01.17"]
[EventRounds "11"]
[EventCountry "JAM"]

1. e4 c5 2. Nf3 Nc6 3. d4 cxd4 4. Nxd4 e5 5. Nb5 d6 6. N1c3 a6 7. Na3 Be7 8.
Nc4 b5 9. Ne3 Nf6 10. Ned5 O-O 11. g3 b4 12. Nxf6+ Bxf6 13. Nd5 Be6 14. Be3
Bxd5 15. Qxd5 Ne7 16. Qd2 d5 17. Bc5 dxe4 18. Qxd8 Rfxd8 19. Bg2 Rac8 20. Bxe7
Bxe7 21. Bxe4 Rd4 22. f3 g6 23. Bd3 Bg5 24. O-O f5 25. Rfe1 Bf6 26. Re2 a5 27.
b3 e4 28. fxe4 Rxd3 29. e5 Bxe5 30. Rxe5 Rxc2 31. Rxa5 Rdd2 32. Re1 Rg2+ 33.
Kh1 Rxh2+ 34. Kg1 Kg7 35. a4 Rhg2+ 36. Kh1 Rxg3 37. Ra7+ Kh6 38. Rb1 Rcc3 39.
Rb7 Rxb3 40. Rxb4 Rxb1+ 41. Rxb1 Ra3 42. Rb4 Ra2 0-1

[Event "Digicel National Championship (Absolute) 2015"]
[Site "Kingston"]
[Date "2015.01.28"]
[Round "7"]
[Board "2"]
[White "WILKINSON, Ian"]
[Black "ELLIOTT, Warren"]
[Result "0-1"]
[WhiteElo "1889"]
[BlackElo "2240"]
[PlyCount "90"]
[EventDate "2015.01.17"]
[EventRounds "11"]
[EventCountry "JAM"]

1. Nf3 Nf6 2. g3 b6 3. Bg2 Bb7 4. d4 c5 5. dxc5 bxc5 6. O-O g6 7. c4 Bg7 8. Nc3
O-O 9. Qc2 d6 10. e4 Nc6 11. Rd1 Qa5 12. Bd2 Nb4 13. Qb1 Qa6 14. a3 Nc6 15. Nb5
Qb6 16. Qc2 a6 17. Nc3 Na5 18. Nd5 Bxd5 19. exd5 Nb3 20. Rab1 Rfb8 21. Bc3 Ra7
22. Re1 a5 23. Re2 Qa6 24. Qd3 a4 25. Rbe1 Kf8 26. h3 h6 27. Re3 Qc8 28. Qe2
Ng8 29. Bxg7+ Kxg7 30. Qc2 Qf5 31. Qc3+ Qf6 32. Qc2 Rab7 33. Re4 Nd4 34. Qd1
Nxf3+ 35. Bxf3 Rxb2 36. Rf4 Qc3 37. Re3 Qxe3 38. fxe3 Rb1 39. Be2 R8b3 40. Rf3
Rxd1+ 41. Bxd1 Rxa3 42. Kf2 Ra1 43. Ke1 a3 44. Rf1 a2 45. Kf2 Rc1 0-1

[Event "Digicel National Championship (Absolute) 2015"]
[Site "Kingston"]
[Date "2015.01.28"]
[Round "7"]
[Board "3"]
[White "LORNE, Malaku"]
[Black "PORTER, Russel"]
[Result "1-0"]
[WhiteElo "2113"]
[BlackElo "2082"]
[PlyCount "89"]
[EventDate "2015.01.17"]
[EventRounds "11"]
[EventCountry "JAM"]

1. d4 d5 2. c4 c6 3. Nf3 Nf6 4. e3 e6 5. Bd3 Nbd7 6. O-O Be7 7. b3 O-O 8. Qc2
b6 9. Ne5 Bb7 10. cxd5 cxd5 11. Bb2 Rc8 12. Qe2 Nxe5 13. dxe5 Ne4 14. f4 f5 15.
exf6 Bxf6 16. Bxe4 dxe4 17. Bxf6 Qxf6 18. Na3 e5 19. fxe5 Qxe5 20. Rxf8+ Rxf8
21. Rd1 h6 22. Nc4 Ba6 23. Nxe5 Bxe2 24. Re1 Re8 25. Nc6 Bd3 26. Rc1 a5 27. h3
Re6 28. a4 Re8 29. Nd4 Rf8 30. g4 Rf6 31. Kg2 Kh7 32. Rc7 Kh8 33. h4 Rf1 34.
Rc6 Re1 35. Kf2 Rf1+ 36. Kg3 g5 37. Rxh6+ Kg7 38. hxg5 Rg1+ 39. Kf4 Rf1+ 40.
Ke5 Rg1 41. Nf5+ Kg8 42. Rxb6 Kf7 43. g6+ Ke8 44. Rb8+ Kd7 45. g7 1-0

[Event "Digicel National Championship (Absolute) 2015"]
[Site "Kingston"]
[Date "2015.01.28"]
[Round "7"]
[Board "4"]
[White "MYERS, Peter"]
[Black "WISDOM, Daren"]
[Result "1-0"]
[WhiteElo "1984"]
[BlackElo "1985"]
[PlyCount "121"]
[EventDate "2015.01.17"]
[EventRounds "11"]
[EventCountry "JAM"]

1. d4 Nf6 2. Nf3 b6 3. g3 Bb7 4. Bg2 d5 5. O-O e6 6. c3 Bd6 7. Nbd2 Nbd7 8. Ne1
h5 9. h4 Ne4 10. Nxe4 dxe4 11. Qc2 f5 12. Qb3 Bd5 13. c4 Bb7 14. Qc3 O-O 15.
Bg5 Be7 16. Bxe7 Qxe7 17. f3 Nf6 18. fxe4 fxe4 19. Nc2 c5 20. e3 Qd6 21. Rf4
Ng4 22. Raf1 Rxf4 23. Rxf4 Rf8 24. Bh3 e5 25. Rxf8+ Kxf8 26. d5 Bc8 27. Qe1 Qf6
28. Qf1 Qf3 29. Bg2 Qxf1+ 30. Bxf1 Nh6 31. Bg2 Bf5 32. Kf1 Ke7 33. Na3 a6 34.
Nb1 Ng4 35. Ke2 b5 36. b3 b4 37. Nd2 Nf6 38. Kd1 Kd6 39. Kc1 Kc7 40. Nf1 Ng4
41. Bh3 Nxe3 42. Nxe3 Bxh3 43. Kd2 Kd6 44. Nd1 Bf1 45. Nf2 Bd3 46. Nxd3 exd3
47. Kxd3 a5 48. Ke4 g6 49. Kf3 Ke7 50. g4 hxg4+ 51. Kxg4 Kf6 52. h5 gxh5+ 53.
Kxh5 Kf5 54. Kh4 e4 55. Kh3 Ke5 56. Kg4 a4 57. bxa4 Kd4 58. d6 Kxc4 59. d7 b3
60. axb3+ Kxb3 61. d8=Q 1-0

[Event "Digicel National Championship (Absolute) 2015"]
[Site "Kingston"]
[Date "2015.01.28"]
[Round "7"]
[Board "5"]
[White "CAMPBELL, Kevron"]
[Black "SMITH, Melisha"]
[Result "1-0"]
[WhiteElo "1841"]
[BlackElo "1797"]
[PlyCount "85"]
[EventDate "2015.01.17"]
[EventRounds "11"]
[EventCountry "JAM"]

1. d4 d5 2. c4 c6 3. Nc3 Nf6 4. Bg5 e6 5. cxd5 exd5 6. Qc2 Be7 7. e3 h6 8. Bh4
O-O 9. Bd3 Nh5 10. Bxe7 Qxe7 11. Nge2 Be6 12. h3 Nf6 13. Nf4 Nbd7 14. O-O-O c5
15. g4 cxd4 16. exd4 Qd6 17. Nxe6 Qxe6 18. Bf5 Qd6 19. Kb1 Nb6 20. g5 Nh5 21.
gxh6 Qxh6 22. Rhg1 Rfe8 23. Nb5 Re7 24. Bg4 Nf6 25. Qc5 Qg6+ 26. Ka1 Qe4 27.
Nd6 Qf4 28. Nf5 Rc7 29. Qb4 Nxg4 30. hxg4 Rac8 31. Ne7+ Rxe7 32. Qxe7 Qc7 33.
Qh4 Qc2 34. Rh1 f6 35. Qh8+ Kf7 36. Qh5+ Qg6 37. Qh2 Nc4 38. Rde1 Qxg4 39. Rhg1
Qf3 40. Qh7 Ne5 41. dxe5 fxe5 42. Qxg7+ Ke6 43. Rg6+ 1-0

[Event "Digicel National Championship (Absolute) 2015"]
[Site "Kingston"]
[Date "2015.01.30"]
[Round "8"]
[Board "1"]
[White "DAVY, Damion"]
[Black "WILSON, Brandon"]
[Result "1-0"]
[WhiteElo "2177"]
[BlackElo "2099"]
[PlyCount "111"]
[EventDate "2015.01.17"]
[EventRounds "11"]
[EventCountry "JAM"]

1. e4 g6 2. d4 Bg7 3. Nf3 d6 4. Nc3 Bg4 5. Be2 Nd7 6. O-O c5 7. dxc5 Nxc5 8. h3
Bd7 9. Bc4 Rb8 10. a4 Qc8 11. Qe2 Bxc3 12. bxc3 Nxa4 13. Bb5 Nc5 14. e5 d5 15.
Rxa7 e6 16. Ba3 Ne4 17. Bxd7+ Kxd7 18. Nd4 Ne7 19. Qb5+ Nc6 20. f3 Nxc3 21. Qc5
Qc7 22. Nxc6 Qxc6 23. Qe7+ Kc8 24. Bd6 Nb5 25. Bxb8 Qb6+ 26. Kh2 Nxa7 27. Rb1
Nc6 28. Qxf7 Nd8 29. Qg7 Rg8 30. Qxh7 Rh8 31. Qe7 Re8 32. Rxb6 Rxe7 33. Bd6 Rf7
34. Kg3 Rf5 35. f4 g5 36. fxg5 Rxg5+ 37. Kf3 Nc6 38. g4 Nxe5+ 39. Kf4 Nf7 40.
h4 e5+ 41. Kf3 Rg6 42. Bc5 Rxb6 43. Bxb6 Kd7 44. g5 Ke6 45. Kg4 Nd6 46. h5 Nc4
47. Bf2 Nd6 48. h6 Kf7 49. Kh5 Nf5 50. g6+ Kf6 51. h7 Kg7 52. Bc5 Ng3+ 53. Kg4
Nf1 54. Bf8+ Kh8 55. Kg5 Ng3 56. Bd6 1-0

[Event "Digicel National Championship (Absolute) 2015"]
[Site "Kingston"]
[Date "2015.01.30"]
[Round "8"]
[Board "2"]
[White "SMITH, Melisha"]
[Black "MELLACE, Andrew"]
[Result "0-1"]
[WhiteElo "1797"]
[BlackElo "2064"]
[PlyCount "116"]
[EventDate "2015.01.17"]
[EventRounds "11"]
[EventCountry "JAM"]

1. d4 d5 2. Nf3 Nf6 3. Bf4 e6 4. e3 c5 5. c3 Nc6 6. Bd3 Bd6 7. Ne5 Qe7 8. h3
O-O 9. Nd2 cxd4 10. exd4 Qc7 11. Ndf3 Ne4 12. Bh2 f5 13. Qe2 Bd7 14. O-O Be8
15. Nxc6 Bxh2+ 16. Nxh2 bxc6 17. c4 Rb8 18. b3 Kh8 19. Rfe1 Rf6 20. Rac1 Qb6
21. cxd5 cxd5 22. Qb2 Bh5 23. Rc2 Rbf8 24. Rec1 f4 25. Rc8 h6 26. Rxf8+ Rxf8
27. f3 Ng3 28. Ng4 Bxg4 29. hxg4 e5 30. Rc5 e4 31. fxe4 dxe4 32. Bc4 Qg6 33.
Be2 Nxe2+ 34. Qxe2 f3 35. gxf3 exf3 36. Qf2 Qxg4+ 37. Kf1 Qh3+ 38. Ke1 Qh1+ 39.
Kd2 Qg2 40. Ke3 Re8+ 41. Re5 Qg5+ 42. Ke4 Qg4+ 43. Ke3 Rc8 44. Rc5 Rd8 45. Kd3
Qg6+ 46. Ke3 Qd6 47. Ke4 g5 48. Rf5 g4 49. Re5 Rf8 50. d5 Qb4+ 51. Kd3 Qf4 52.
Re4 Qf5 53. Qd4+ Kh7 54. Qxa7+ Rf7 55. Qd4 f2 56. Kc3 f1=Q 57. Kb4 Rb7+ 58. Ka3
Qc1+ 0-1

[Event "Digicel National Championship (Absolute) 2015"]
[Site "Kingston"]
[Date "2015.01.30"]
[Round "8"]
[Board "3"]
[White "WISDOM, Daren"]
[Black "CAMPBELL, Kevron"]
[Result "1-0"]
[WhiteElo "1985"]
[BlackElo "1841"]
[PlyCount "81"]
[EventDate "2015.01.17"]
[EventRounds "11"]
[EventCountry "JAM"]

1. e4 c5 2. Nf3 Nc6 3. d4 cxd4 4. c3 d5 5. exd5 Qxd5 6. cxd4 e6 7. Be2 Nf6 8.
Nc3 Bb4 9. O-O Bxc3 10. bxc3 O-O 11. Bd3 b6 12. Re1 Bb7 13. Bg5 Nd7 14. Re4 f5
15. Re2 e5 16. c4 Qd6 17. c5 Qd5 18. Rc1 Na5 19. dxe5 Nxc5 20. Rd2 Nxd3 21.
Rxd3 Qxa2 22. Nd4 Be4 23. Rd2 Qf7 24. f3 Bb7 25. Nb5 Bc6 26. Nd6 Qe6 27. f4 h6
28. Bh4 Qb3 29. Qe2 Qa4 30. Bg3 Nb3 31. Rc4 Qa1+ 32. Rd1 Qa6 33. Qc2 Nc5 34. e6
Be4 35. Nxe4 Nxe4 36. Rc7 Qa3 37. Qe2 Rfe8 38. Rdd7 Rxe6 39. Rxg7+ Kf8 40.
Rcf7+ Ke8 41. Qb5+ 1-0

[Event "Digicel National Championship (Absolute) 2015"]
[Site "Kingston"]
[Date "2015.01.30"]
[Round "8"]
[Board "4"]
[White "PORTER, Russel"]
[Black "MYERS, Peter"]
[Result "1-0"]
[WhiteElo "2082"]
[BlackElo "1984"]
[PlyCount "57"]
[EventDate "2015.01.17"]
[EventRounds "11"]
[EventCountry "JAM"]

1. c4 c5 2. Nc3 Nc6 3. g3 g6 4. Bg2 Bg7 5. d3 Nf6 6. e3 e5 7. Nge2 O-O 8. O-O
Ne8 9. b3 Nc7 10. Bb2 d6 11. Qd2 Bf5 12. h3 Rb8 13. Kh2 Nb4 14. Nc1 d5 15. cxd5
Bh6 16. a3 Nba6 17. Qe1 b5 18. e4 Bc8 19. Nd1 Qd6 20. Ne2 f5 21. f4 exf4 22.
Nxf4 Bxf4 23. Rxf4 g5 24. Qc3 Qg6 25. exf5 Bxf5 26. Rf1 b4 27. axb4 cxb4 28.
Qh8+ Kf7 29. Qe5 1-0

[Event "Digicel National Championship (Absolute) 2015"]
[Site "Kingston"]
[Date "2015.01.30"]
[Round "8"]
[Board "5"]
[White "ELLIOTT, Warren"]
[Black "LORNE, Malaku"]
[Result "1-0"]
[WhiteElo "2240"]
[BlackElo "2113"]
[PlyCount "71"]
[EventDate "2015.01.17"]
[EventRounds "11"]
[EventCountry "JAM"]

1. e4 e5 2. d4 exd4 3. Qxd4 Nc6 4. Qe3 Nf6 5. Nc3 Bb4 6. Bd2 O-O 7. O-O-O Re8
8. Qg3 Rxe4 9. a3 Rg4 10. Qe3 Ba5 11. f3 Rd4 12. Nge2 Nd5 13. Nxd5 Rxd5 14. Nc3
Re5 15. Qf4 d6 16. Bd3 Bd7 17. h4 Ne7 18. g4 Bc6 19. Bc4 Qf8 20. h5 b5 21. Ba2
h6 22. Rde1 Rxe1+ 23. Bxe1 Bd7 24. g5 hxg5 25. Qxg5 Be6 26. h6 Nf5 27. Ne4 Qe7
28. Qxe7 Nxe7 29. Bxa5 Bxa2 30. b3 Nc6 31. Bc3 f5 32. h7+ Kh8 33. Ng5 Rf8 34.
Ne6 Rf7 35. Bxg7+ Rxg7 36. Nxg7 1-0

[Event "Digicel National Championship (Absolute) 2015"]
[Site "Kingston"]
[Date "2015.01.31"]
[Round "9"]
[Board "1"]
[White "WILKINSON, Ian"]
[Black "DAVY, Damion"]
[Result "0-1"]
[WhiteElo "1889"]
[BlackElo "2177"]
[PlyCount "94"]
[EventDate "2015.01.17"]
[EventRounds "11"]
[EventCountry "JAM"]

1. e4 c5 2. Nf3 Nc6 3. d4 cxd4 4. Nxd4 e6 5. Nc3 Qc7 6. Be3 a6 7. Bd3 Nf6 8.
Nxc6 bxc6 9. f4 Rb8 10. Rb1 d5 11. O-O dxe4 12. Nxe4 Be7 13. Bd4 Bb7 14. Nxf6+
gxf6 15. Qg4 Kd7 16. Qh4 f5 17. Qh5 Rhg8 18. Rf2 c5 19. Be5 Qc6 20. Bf1 Rbf8
21. Rd1+ Ke8 22. Rdd2 Rg6 23. Qd1 Rfg8 24. c4 Rg4 25. Qc2 h5 26. Qd3 h4 27. Qh3
f6 28. Bc3 Kf7 29. Rd3 Bd6 30. Bd2 Be7 31. b3 Qe4 32. Rd7 Ke8 33. Rd3 Bc6 34.
Re3 Qd4 35. Bc3 Qd1 36. Re1 Qd6 37. Qe3 Be4 38. Qd2 Qc6 39. Rd1 Bxg2 40. Rxg2
Rxg2+ 41. Bxg2 h3 42. Kf1 Rxg2 43. Qe3 Rxh2 44. Rd2 Qh1+ 45. Qg1 Qf3+ 46. Rf2
Qd1+ 47. Be1 Qd3+ 0-1

[Event "Digicel National Championship (Absolute) 2015"]
[Site "Kingston"]
[Date "2015.01.31"]
[Round "9"]
[Board "2"]
[White "LORNE, Malaku"]
[Black "SMITH, Shreyas"]
[Result "1-0"]
[WhiteElo "2113"]
[BlackElo "2086"]
[PlyCount "123"]
[EventDate "2015.01.17"]
[EventRounds "11"]
[EventCountry "JAM"]

1. Nf3 Nf6 2. c4 c5 3. Nc3 b6 4. g3 Bb7 5. Bg2 g6 6. d4 cxd4 7. Qxd4 Bg7 8. Be3
d6 9. O-O Nbd7 10. Rad1 O-O 11. Qh4 Rc8 12. b3 a6 13. Ng5 Bxg2 14. Kxg2 b5 15.
Nd5 h6 16. Ne4 Nxd5 17. cxd5 f5 18. Nd2 g5 19. Qh3 f4 20. Qe6+ Kh7 21. gxf4
gxf4 22. Qe4+ Kh8 23. Bxf4 Nf6 24. Qd3 Qa5 25. Rg1 Nxd5 26. Bxh6 Bxh6 27. Qxd5
Rc5 28. Qd4+ Kh7 29. Qe4+ Kh8 30. Nf3 Qc7 31. Kh1 Rf6 32. Rg6 Rc1 33. Rxc1
Qxc1+ 34. Rg1 Qc3 35. Qg4 Rf8 36. Qh5 Rf6 37. Ng5 Qc6+ 38. f3 Qd5 39. e4 Qg8
40. h4 Qf8 41. Rg3 e5 42. Kg2 Qg7 43. Qg4 Qc7 44. Ne6 Qf7 45. Nc7 Kh7 46. Nd5
Rg6 47. Qxg6+ Qxg6 48. Rxg6 Kxg6 49. Nc7 Be3 50. Nxa6 Bb6 51. Kg3 Kh5 52. f4
exf4+ 53. Kxf4 Kxh4 54. a4 bxa4 55. bxa4 Kh3 56. Nb4 Kg2 57. Nc6 Kf2 58. a5
Be3+ 59. Kf5 Ke2 60. Ke6 Kd3 61. Kd5 Kc3 62. a6 1-0

[Event "Digicel National Championship (Absolute) 2015"]
[Site "Kingston"]
[Date "2015.01.31"]
[Round "9"]
[Board "3"]
[White "MYERS, Peter"]
[Black "ELLIOTT, Warren"]
[Result "0-1"]
[WhiteElo "1984"]
[BlackElo "2240"]
[PlyCount "156"]
[EventDate "2015.01.17"]
[EventRounds "11"]
[EventCountry "JAM"]

1. d4 Nf6 2. Nf3 c5 3. e3 g6 4. g3 Bg7 5. Bg2 Qc7 6. O-O O-O 7. c3 d6 8. Nbd2
Nc6 9. Re1 e5 10. d5 Ne7 11. e4 Ne8 12. Rb1 h6 13. b4 b6 14. bxc5 bxc5 15. Nc4
f5 16. exf5 Bxf5 17. Rb3 Rb8 18. Nh4 Rxb3 19. axb3 Qd7 20. Ne3 Bh3 21. Qc2 Bxg2
22. Kxg2 Rf6 23. c4 g5 24. Nf3 Ng6 25. Nd2 Nf4+ 26. gxf4 gxf4 27. Ne4 Rg6+ 28.
Ng3 Qf7 29. Qf5 Rf6 30. Qh5 fxg3 31. Qxf7+ Rxf7 32. hxg3 Rb7 33. Nf5 Rxb3 34.
Bxh6 Bxh6 35. Nxh6+ Kh7 36. Nf5 Kg6 37. Ne3 Ra3 38. Rb1 Nf6 39. Rb8 Ne4 40.
Rg8+ Kf7 41. Rg4 Nf6 42. Rh4 Kg6 43. Ng4 Nxg4 44. Rxg4+ Kf5 45. Rg7 e4 46. Re7
Ra4 47. g4+ Kf4 48. g5 Kxg5 49. Rxe4 Kf5 50. f3 a5 51. Kg3 Rb4 52. Rf4+ Kg5 53.
Rg4+ Kf6 54. Rf4+ Kg5 55. Rg4+ Kf6 56. Rf4+ Ke7 57. Re4+ Kd7 58. f4 a4 59. Kg4
a3 60. Re1 Rxc4 61. Ra1 Ra4 62. Kg5 Ke7 63. f5 Kf7 64. Ra2 c4 65. Kf4 c3+ 66.
Ke3 c2 67. Kd2 Rc4 68. Rxc2 Rxc2+ 69. Kxc2 Kf6 70. Kb3 Kxf5 71. Kxa3 Ke4 72.
Kb2 Kxd5 73. Kc3 Ke4 74. Kd2 Kd4 75. Ke2 Kc3 76. Kd1 Kd3 77. Kc1 d5 78. Kd1 d4
 0-1